000 00539nam a22001817a 4500
003 NUST
005 20260512151958.0
008 260512b ||||| |||| 00| 0 eng d
020 _a 978-0471429777
082 _a005.13
_bDAV
100 _a David G. Stork, Elad Yom-Tov.
_9134423
245 _aComputer Manual in MATLAB to accompany Pattern Classification /
_c David G. Stork, Elad Yom-Tov.
250 _a2nd Edition
260 _bWiley-Interscience,
_c2004.
300 _a134 p ;
_c35.00 cm
563 _aPaperback
942 _2ddc
_cBK
999 _c617418
_d617418